Stand in the gap for your children. (Record no. 14727)

000 -LEADER
fixed length control field 00735nam a2200217 a 4500
001 - CONTROL NUMBER
control field :::00012561$&:&@@
003 - CONTROL NUMBER IDENTIFIER
control field OkBaRHE
005 - DATE AND TIME OF LATEST TRANSACTION
control field 20100402122100.0
008 - FIXED-LENGTH DATA ELEMENTS--GENERAL INFORMATION
fixed length control field s1977 j 000 0 eng u
040 ## - CATALOGING SOURCE
Transcribing agency
100 1# - MAIN ENTRY--PERSONAL NAME
Personal name Hayes, Norvel.
245 10 - TITLE STATEMENT
Title Stand in the gap for your children.
260 ## - PUBLICATION, DISTRIBUTION, ETC. (IMPRINT)
Place of publication, distribution, etc Cleveland, TN., :
Name of publisher, distributor, etc Campus Challenge Missions
Date of publication, distribution, etc 1977
300 ## - PHYSICAL DESCRIPTION
Extent 39 p. ;
Dimensions 18 cm.
650 ## - SUBJECT ADDED ENTRY--TOPICAL TERM
Topical term or geographic name as entry element Hayes, Norvel.
650 ## - SUBJECT ADDED ENTRY--TOPICAL TERM
Topical term or geographic name as entry element Hayes, Zona.
650 ## - SUBJECT ADDED ENTRY--TOPICAL TERM
Topical term or geographic name as entry element Parent And Child
942 ## - ADDED ENTRY ELEMENTS (KOHA)
Source of classification or shelving scheme
Koha item type Books
Copies
Source of classification or shelving scheme Full call number Withdrawn status Permanent Location Date acquired Shelving location Copy number Damaged status Barcode Date last seen Koha item type Lost status Price effective from Not for loan
 HQ 769 .H282 1977 RHEMA Bible Training College2010-04-14General Stacks1 125612010-04-14Books 2010-04-14 
 HQ 769 .H282 1977 RHEMA Bible Training College2010-04-14General Stacks2 211532010-04-14Books 2010-04-14